| 000 | 00352 a2200133 4500 | ||
|---|---|---|---|
| 005 | 20250607140206.0 | ||
| 020 | _a0-7172-8511-1 | ||
| 082 | _a658.8 STA | ||
| 100 | _aSTANTON, W. J. | ||
| 245 | _aFundamentals of Marketing | ||
| 260 |
_aUSA, _bMcGraw - Hill, Inc. _c1981. |
||
| 300 |
_axv, 726p.: ill.; picture, table, _bIndex, _c23cm. |
||
| 942 |
_2ddc _cBKS |
||
| 999 |
_c128 _d128 |
||